"Cítim a túžim potichučky" Herečka Vanda Konečná chce zostať v Prahe

Bibliographic Details
Main Author: Paňáková, Ľudmila (Author)
Format: Article
Language:Slovak
PhysicalDescription:1 obr.
Subjects:

MARC

LEADER 00000nab a2200000 a 4500
001 vtls000900527
003 SK-MaSNL
005 20260302175118.0
008 040720e19990429xo 0 slo
035 |a KE9524 
040 |a KEVKJB  |b slo  |c KEVKJB  |e AACR2 
041 0 |a slo 
044 |a xo  |c SK 
080 |a 792  |2 1981 
080 |a 929  |2 1981 
100 1 |a Paňáková, Ľudmila  |4 aut  |9 873309 
245 1 0 |a "Cítim a túžim potichučky"  |b Herečka Vanda Konečná chce zostať v Prahe 
300 |b 1 obr. 
590 |a Konečná, Vanda  |b herečka 
600 1 7 |a Konečná, Vanda,  |d 1972-  |2 KEVKJB  |9 117480 
650 0 7 |a divadlo  |2 KEVKJB  |9 3335 
650 0 7 |a rozhovor profilový  |2 KEVKJB  |9 884301 
651 7 |a Košice (Slovensko)  |2 KEVKJB  |9 18694 
651 7 |a KE,  |2 KEVKJB  |9 877256 
655 7 |a periodikum  |2 snkbucl  |9 29553 
773 0 8 |t Košický večer  |g Roč. 10  |g Roč. 31, č.81, 29.4.1999, s. 6 
852 |a ZVYKNI  |b KIS3GCP 
999 |c 1406021  |d 1407951